00226nam a2200085Ia 4500008004100000100002100041245005400062260001500116300000900131190216s9999||||xx |||||||||||||| ||und|| aWilliam E Thomas 0aReadings In Cost Accounting Budgeting And Control bNullc1970 a855p